000 00628nam a22001697a 4500
005 20251108165451.0
008 250721s1987 xx 000 0 ara d
082 1 4 _aم/025.33/جام
245 1 0 _aالدليل العملي لإعداد التسجيلات الببليوغرافية لنظام المعلومات /
264 1 _aتونس :
_bالمركز،
_c1987.
300 _a256ص
490 0 _aسلسلة الادلة العملية ؛ 1
650 1 7 _aالفهرسة
710 2 _aجامعة الدول العربية ، مركز التوثيق و المعلومات
_eتاليف
942 _2ddc
_cREF
999 _c28611
_d28611